| 000 | 00398nam a22001697a 4500 | ||
|---|---|---|---|
| 003 | OSt | ||
| 008 | 250402b |||||||| |||| 00| 0 eng d | ||
| 020 | _a9789353508852 | ||
| 082 | _a658.4092 DAL | ||
| 100 | _aDAFT,Richard L | ||
| 245 | _aLeadership Experience | ||
| 250 | _a8th Ed | ||
| 260 |
_aNew Delhi _bCengage _c2024 |
||
| 300 | _a620 | ||
| 650 | _aLeadership Experience | ||
| 942 |
_2ddc _cBK |
||
| 999 |
_c13203 _d13203 |
||